Statistics for Tampa Bay Rays Baseball Player Nicknames

Click here to take the quiz!

General Stats

  • This quiz has been taken 252 times
    (251 since last reset)
  • The average score is 3 of 7

Answer Stats

Nickname Player % Correct
LongoEvan Longoria
97%
Big Game James/JamieJames Shields
72%
Crime DogFred McGriff
56%
Huff DaddyAubrey Huff
53%
The Perfect StormCarl Crawford
35%
The ChemistJosé Canseco
8%
FlashJohn Flaherty
2%

Score Distribution

Percentile by Number Answered

Percent of People with Each Score

Your Score History

You have not taken this quiz since the last reset